Statistics for Strongest Armies (2018)

Click here to take the quiz!

General Stats

  • This quiz has been taken 97 times
  • The average score is 21 of 25

Answer Stats

Country% Correct
Russia
100%
United States of America
100%
China
99%
France
98%
United Kingdom
96%
Germany
95%
India
94%
Japan
94%
North Korea
93%
South Korea
93%
Brazil
92%
Italy
89%
Pakistan
89%
Turkey
87%
Egypt
86%
Iran
86%
Australia
82%
Israel
82%
Indonesia
80%
Saudi Arabia
80%
Poland
74%
Thailand
69%
Vietnam
67%
Algeria
52%
Taiwan
51%

Score Distribution

Percentile by Number Answered

Percent of People with Each Score

Your Score History

You have not taken this quiz